Normal view
MARC view
Entry Personal Name
001 - CONTROL NUMBER
- control field: 14372
003 - CONTROL NUMBER IDENTIFIER
- control field: ARRUPE
005 - DATE AND TIME OF LATEST TRANSACTION
- control field: 20150120142433.0
008 - FIXED-LENGTH DATA ELEMENTS
- fixed length control field: 150120|| aca||aabn | a|a d
040 ## - CATALOGING SOURCE
- Original cataloging agency: ARRUPE
- Transcribing agency: ARRUPE
100 ## - HEADING--PERSONAL NAME
- Personal name: Khrennikov, A. I︠U︡.
- Fuller form of name: (Andreĭ I︠U︡rʹevich),
- Dates associated with a name: 1958-
670 ## - SOURCE DATA FOUND
- Source citation: Work cat.: (ARRUPE)0: Khrennikov, A. I︠U︡. (Andreĭ I︠U︡rʹevich), 1958-, Classical and quantum mental models and Freud's theory of unconscious/conscious mind /, [2002?]